Анализ развития территориальных систем: тезисы докладов участников Всесоюзной конференции молодых экономистов и социологов Кемерово, 5-7 июня 1986 г.

Dades bibliogràfiques
Autor corporatiu: Академия наук СССР (АН СССР) Сибирское отделение (СО), Новосибирский государственный университет (НГУ), Кемеровский государственный университет (КемГУ), Всесоюзная академия сельскохозяйственных наук им. В. И. Ленина (ВАСХНИЛ), Анализ развития территориальных систем
Altres autors: Попов М. И. Михаил Иванович (редактор)
Idioma:rus
Publicat: Новосибирск, Изд-во СО АН СССР, 1986
Matèries:
Format: MixedMaterials Llibre
KOHA link:https://koha.lib.tpu.ru/cgi-bin/koha/opac-detail.pl?biblionumber=276351

MARC

LEADER 00000nam0a2200000 4500
001 276351
005 20231101234918.0
020 |a RU  |b 86-7075ж 
035 |a (RuTPU)RU\TPU\book\299610 
090 |a 276351 
100 |a 20141121a1986 km y0rusy5003 ca 
101 0 |a rus 
102 |a RU 
105 |a a z 100zy 
200 1 |a Анализ развития территориальных систем  |e тезисы докладов участников Всесоюзной конференции молодых экономистов и социологов Кемерово, 5-7 июня 1986 г.  |f Академия наук СССР (АН СССР), Сибирское отделение (СО) ; Новосибирский государственный университет (НГУ) ; Кемеровский государственный университет (КемГУ) ; Всесоюзная академия сельскохозяйственных наук им. В. И. Ленина (ВАСХНИЛ) ; под ред. М. И. Попова 
210 |a Новосибирск  |c Изд-во СО АН СССР  |d 1986 
215 |a 165 с.  |c ил. 
606 1 |a Производственно-территориальные комплексы  |2 stltpush  |3 (RuTPU)RU\TPU\subj\36757  |9 58022 
606 1 |a Экономическое районирование  |y Россия  |y СССР  |2 stltpush  |3 (RuTPU)RU\TPU\subj\26625  |9 50514 
610 1 |a конференции 
610 1 |a Кемерово 
610 1 |a экономика 
610 1 |a региональная экономика 
610 1 |a расширенное воспроизводство 
610 1 |a межотраслевые комплексы 
610 1 |a вторичные ресурсы 
610 1 |a окружающая природная среда 
686 |a У9(2)0-43л0  |2 rubbk 
686 |a У04(2)6л0  |2 rubbk 
702 1 |a Попов  |b М. И.  |g Михаил Иванович  |4 340 
712 0 2 |a Академия наук СССР (АН СССР)  |b Сибирское отделение (СО)  |c (Новосибирск)  |2 stltpush  |3 (RuTPU)RU\TPU\col\11215 
712 0 2 |a Новосибирский государственный университет (НГУ)  |2 stltpush  |3 (RuTPU)RU\TPU\col\721 
712 0 2 |a Кемеровский государственный университет (КемГУ)  |2 stltpush  |3 (RuTPU)RU\TPU\col\402 
712 0 2 |a Всесоюзная академия сельскохозяйственных наук им. В. И. Ленина (ВАСХНИЛ)  |c (Москва)  |c (1929-1992)  |2 stltpush  |3 (RuTPU)RU\TPU\col\18493 
712 1 2 |a Анализ развития территориальных систем  |c Всесоюзная конференция  |e Кемерово  |f 1986 
801 0 |a RU  |b RuMRKP  |c 19950704  |g psbo 
801 1 |a RU  |b 63413507  |c 20141121 
801 2 |a RU  |b 63413507  |c 20170214  |g RCR 
942 |c BK